| 000 | 01732nam a22003251i 4500 | ||
|---|---|---|---|
| 003 | SA-RiAUC | ||
| 005 | 20241126080501.0 | ||
| 008 | 241123s1990 le g 00000 ara c | ||
| 040 |
_aSA-RiKSU _bara _cSA-RiAUC _erda |
||
| 082 | 0 | 4 | _a251.222 |
| 090 |
_a251.222 _bع ل و |
||
| 100 | 1 |
_aعلوان، علي بن عطية بن الحسن، _dتوفي 936 هجري _eمؤلف. |
|
| 245 | 1 | 0 |
_aعرائس الغرر وغرائس الفكر في أحكام النظر / _cتأليف علوان الحموي. أحكام النظر إلى المحرمات وما فيه من الخطر والآفات / أبو بكر محمد بن عبد الله بن أحمد بن حبيب العامري ؛ تحقيق محمد فضل عبد العزيز المراد. |
| 250 | _aالطبعة الأولى. | ||
| 264 | 1 |
_aبيروت : _bالدار الشامية، _c1990 |
|
| 300 |
_a304 صفحة ؛ _c24 سم |
||
| 336 |
_aنص _btxt _2rdacontent _3كتاب |
||
| 337 |
_aبدون وسيط _bn _2rdamedia |
||
| 338 |
_aمجلد _bnc _2rdacarrier |
||
| 650 | 7 |
_aغض البصر _2aucsh |
|
| 650 | 7 |
_aالحلال والحرام _2aucsh |
|
| 650 | 7 |
_aالحسنات والسيئات _2aucsh |
|
| 650 | 7 |
_aالأخلاق الإسلامية _2aucsh |
|
| 650 | 7 |
_aالحظر والإباحة _2aucsh |
|
| 700 | 1 |
_aالمراد، محمد فضل عبد العزيز _eمحقق. |
|
| 700 | 1 | 2 |
_aالخباز، محمد بن عبد الله بن أحمد، _dتوفي 530 هجري _tأحكام النظر إلى المحرمات وما فيه من الخطر والآفات. |
| 740 | 0 | 2 | _aأحكام النظر إلى المحرمات وما فيه من الخطر والآفات. |
| 942 |
_2ddc _cBOOK _n0 |
||
| 949 |
_aSA-JeALM _d241123 _umohamedma123 _n1 |
||
| 999 |
_c2793 _d2793 |
||